Géographie par image - H - Statistiques

Statistiques générales
  • Ce quiz a été pris 10 981 fois
  • Le résultat moyen est 10 sur 18
Statistiques - réponses
Par images Hint Réponse % Correct
pays Hongrie
93%
chaîne de montagnes Himalaya
91%
état des États-Unis Hawaï
90%
pays Honduras
87%
ville Hong Kong
86%
ville La {Havane}
85%
pays Haïti
74%
ville Houston
61%
fortification Mur d'{Hadrien}
55%
ville / État Hambourg
54%
département Haute-Savoie
53%
capitale Helsinki
48%
fleuve (en jaune) Hudson
30%
lac Huron
30%
ville Hiroshima
29%
île Hokkaidō
26%
barrage barrage {Hoover}
22%
île Hainan
16%
Aucun quiz correspondant
Distribution des résultats
% des personnes avec chaque résultat
Percentile par nombre de réponses
Votre historique - résultats
Vous n’avez pas pris ce quiz